Các văn bản pháp quy = Legal documents Số 32

Trong số này quy định về cấp và quản lý bảo lãnh chính phủ, quy đinh về quản lý nợ của chính quyền địa phương, quy định chi tiết một số điều của luật quản lý ngoại thương, danh mục trang thiết bị y tế được xác định mã số hàng hóa theo danh...

全面介绍

Đã lưu trong:
书目详细资料
格式: 图书
语言:Vietnamese
出版: H. Bộ công thương. Trung tâm Thông tin Công nghiệp và thương mại 2018
主题:
标签: 添加标签
没有标签, 成为第一个标记此记录!
Thư viện lưu trữ: Thư viện Trường Đại học Nam Cần Thơ
LEADER 01240nam a22001817a 4500
001 NCT_97311
008 220309b xxu||||| |||| 00| 0 vie d
999 |c 4847  |d 4847 
082 0 4 |2 23rd ed.  |a 346  |b C101V 
245 0 0 |a Các văn bản pháp quy =   |b Legal documents  |n Số 32  |c Bộ công thương. Trung tâm Thông tin Công nghiệp và thương mại 
260 |a H.  |b Bộ công thương. Trung tâm Thông tin Công nghiệp và thương mại  |c 2018 
300 |c 29cm 
362 |a 08/2018 
520 3 |a Trong số này quy định về cấp và quản lý bảo lãnh chính phủ, quy đinh về quản lý nợ của chính quyền địa phương, quy định chi tiết một số điều của luật quản lý ngoại thương, danh mục trang thiết bị y tế được xác định mã số hàng hóa theo danh mục hoang hóa XK, NK Việt Nam, hiệu lực pháp luật và văn bản liên quan. 
655 |a Tạp chí 
942 |2 ddc  |c CR 
952 |0 0  |1 0  |2 ddc  |4 0  |6 346_000000000000000_C101V  |7 0  |9 22267  |a 000001  |b 000001  |d 2022-03-09  |o 346 C101V  |r 2022-03-09  |w 2022-03-09  |y CR 
980 |a Thư viện Trường Đại học Nam Cần Thơ